Korean art: 100 masterpieces
Uloženo v:
| Médium: | Kniha |
|---|---|
| Jazyk: | angličtina |
| Vydáno: |
Seúl
Ediciones Api
1995
|
| Témata: | |
| Tagy: |
Přidat tag
Žádné tagy, Buďte první, kdo vytvoří štítek k tomuto záznamu!
|
MARC
| LEADER | 00000nam a2200000 a 4500 | ||
|---|---|---|---|
| 001 | UCS3603 | ||
| 003 | CL-VaPUC | ||
| 008 | 970704e19950000KO |||||||||||||||||eng|d | ||
| 082 | 0 | 4 | |a 709.9 |b KOR |2 21 |
| 245 | 1 | 0 | |a Korean art: 100 masterpieces |
| 300 | |a 163 p | ||
| 942 | |c BK | ||
| 945 | |d 19970704 00:00:00 |a amoreno | ||
| 260 | |a Seúl |b Ediciones Api |c 1995 | ||
| 650 | 0 | |a Arte coreano |9 389766 | |
| 650 | 7 | |a DINASTIAS |2 CL-VaPUC |9 389767 | |
| 650 | 0 | |a Cronología |9 268356 | |
| 650 | 0 | |a Arte asiático |9 347017 | |
| 650 | 7 | |a CULTURAS ASIATICAS |2 CL-VaPUC |9 372242 | |
| 583 | |a last modification |c 20170518 01:07:02 |k Rodrigo Vera | ||
| 999 | |c 261239 |d 261237 | ||
| 952 | |0 0 |1 0 |4 0 |6 709_900000000000000_KOR_1995 |7 0 |8 F |9 288507 |a BIBGIM |b BIBGIM |d 2019-11-19 |i 3328589 |o 709.9 KOR 1995 |p 3328589 |r 2025-01-15 |w 2019-11-19 |y BK_F |k ORI | ||